Дело о погашении выкупной ссуды по хутору Корбутовке Житомирского уезда Волынской губернии

Доступно только в Электронных читальных залах Найти на картеНа карте
RUSMARC
00003468nmc2a2200000 x 450
00177063737-6e78-497e-ae98-8d3a05f9d515
00520160105061102.0
100##$a20150219l18841884k l0rusy0189 ca
1010#$arus
102##$aRU
2001#$aДело о погашении выкупной ссуды по хутору Корбутовке Житомирского уезда Волынской губернии
$j21 февраля - 12 июня 1884 г.
251##$cДело
300##$aДело
801#0$aRU
$bРГИА
$c20150219
$gRCR
801#1$aRU
$bГлавНИВЦ
$c20150219
$2rusmarc
801#2$aRU
$bПБ им. Б.Н. Ельцина
$c20160105
$gRCR
$2rusmarc
850##$aРГИА
852##$aРГИА
$eФедеральное казенное учреждение "Российский государственный исторический архив" (РГИА)
$j715
937##$hРГИА
$d11191322
$aASBIBLIO_SCAN
462#0$10013826a62a-52d3-408e-b545-2019664385f0
$12001
$a1861-1895 гг.
$1251
$cОпись
$1852
$j50
461#0$10018ef30ad5-ff5c-4840-a721-74c62a200f95
$12001
$aГлавное выкупное учреждение Министерства финансов
$1251
$cФонд
$1852
$j577
215##$a20 л.
$d36,5x26 см
371##$aДокумент не является опубликованным и широко распространяемым
105##$aу###
1222#$ad
035##$a77063737-6e78-497e-ae98-8d3a05f9d515
Формат отображения